000 01223nam1a2200301 i 4500
001 RU\NLR\bibl\66417
005 20240919214448.0
035 _a(NLR Aleph) 000064792
090 _a354728
_c354728
100 _a20000114g1999 u y0rusy50 ca
101 0 _arus
_deng
102 _aRU
105 _aa |||||||||
200 1 _aСтроительная механика в примерах и задачах
_eУчеб. пособие для студентов вузов по строит. спец.
_fН.Н. Анохин
210 _aМ.
_cИзд-во АСВ
_d1999
215 _d21
463 0 _100163023
463 0 _1001105131
606 0 _aСтроительная механика
_jРуководства, пособия и т.п. для высшей школы
_9926864
_3RU\NLR\auth\6622006
606 0 _aСтроительная механика
_jУчебные издания для высшей школы
_9926864
_3RU\NLR\auth\6622006
686 _aН112я73-1
700 1 _aАнохин
_bН. Н.
_gНиколай Николаевич
_4070
801 0 _aRU
_bNLR
_c20000114
_gPSBO
801 1 _aRU
_bNLR
_c20000114
830 _aАвт. по кн.
852 _aNLR
_j99-5/4059
942 _cBOOK